Dynamic econometrics

Guardado en:
Detalles Bibliográficos
Autor principal: Hendry, David F.
Formato: Libro
Lenguaje:inglés
Publicado: New York Oxford University Press 2009
Colección:Advanced texts in econometrics
Materias:
Etiquetas: Agregar Etiqueta
Sin Etiquetas, Sea el primero en etiquetar este registro!

MARC

LEADER 00000nam a2200000 4500
001 0143773
005 20240306135628.1
020 |a 978-0-19-828316-4 
041 0 |a eng 
044 |a US 
245 1 0 |a Dynamic econometrics  |c David F. Hendry 
264 1 |a New York  |b Oxford University Press  |c 2009 
300 |a 869 s. 
490 1 |a Advanced texts in econometrics 
830 0 |a Advanced texts in econometrics 
610 2 0 |a výskum operačný 
610 2 0 |a modelovanie ekonometrické 
610 2 0 |a analýza ekonomická 
610 2 0 |a teória štatistiky 
610 2 0 |a ekonometria 
610 2 0 |a modely dynamické 
610 2 0 |a modely lineárne 
610 2 0 |a pravdepodobnosť 
610 2 0 |a optimalizácia 
100 1 |a Hendry, David F.